Minoan life in bronze age crete / (Record no. 352636)
[ view plain ]
| 000 -LEADER | |
|---|---|
| fixed length control field | 01570 a2200277 4500 |
| 003 - CONTROL NUMBER IDENTIFIER | |
| control field | OSt |
| 005 - DATE AND TIME OF LATEST TRANSACTION | |
| control field | 20180116192340.0 |
| 008 - FIXED-LENGTH DATA ELEMENTS--GENERAL INFORMATION | |
| fixed length control field | 120524t xxu||||| |||| 00| 0 eng d |
| 020 ## - INTERNATIONAL STANDARD BOOK NUMBER | |
| International Standard Book Number | 041508833X (paperback) |
| 020 ## - INTERNATIONAL STANDARD BOOK NUMBER | |
| International Standard Book Number | 9780415088336 (paperback) |
| 040 ## - CATALOGING SOURCE | |
| Transcribing agency | 0 |
| 082 04 - DEWEY DECIMAL CLASSIFICATION NUMBER | |
| Classification number | 939.18 |
| 100 1# - MAIN ENTRY--PERSONAL NAME | |
| Personal name | Castleden, Rodney. |
| 9 (RLIN) | 2042 |
| 245 10 - TITLE STATEMENT | |
| Title | Minoan life in bronze age crete / |
| Statement of responsibility, etc. | Rodney Castleden. |
| 250 ## - EDITION STATEMENT | |
| Edition statement | Reprint ed. |
| 260 ## - PUBLICATION, DISTRIBUTION, ETC. | |
| Place of publication, distribution, etc. | London : |
| Name of publisher, distributor, etc. | Routledge, |
| Date of publication, distribution, etc. | 1993. |
| 300 ## - PHYSICAL DESCRIPTION | |
| Extent | 236 p. ; |
| Other physical details | ill.; |
| Dimensions | 24 cm. |
| 500 ## - GENERAL NOTE | |
| General note | Includes index . |
| 520 ## - SUMMARY, ETC. | |
| Summary, etc. | Since Sir Arthur Evans first brought attention to the Minoans in the early 1890s, the people of Bronze Age Crete have become a fixture in the study of European prehistory as well as a source of romance and myth in the popular imagination. In his latest work, Castleden contests the usual depiction of this people, providing a more informed description of the Minoan way of life. Expanding on the interpretation he began to formulate in his highly acclaimed work, The Knossos Labyrinth, Castleden uses the latest evidence to discuss the nature of the Minoan empire, the problems of interpreting the Mycenean conquest of Crete, and the influence of their society on Cretan prehistory. |
| 650 0# - SUBJECT ADDED ENTRY--TOPICAL TERM | |
| Topical term or geographic name entry element | Minoans |
| General subdivision | Social life and customs |
| 9 (RLIN) | 2043 |
| 650 0# - SUBJECT ADDED ENTRY--TOPICAL TERM | |
| Topical term or geographic name entry element | Greece |
| General subdivision | Crete |
| 9 (RLIN) | 2044 |
| 650 0# - SUBJECT ADDED ENTRY--TOPICAL TERM | |
| Topical term or geographic name entry element | Manners and customs |
| 9 (RLIN) | 2045 |
| 856 40 - ELECTRONIC LOCATION AND ACCESS | |
| Materials specified | Amazon.com |
| Uniform Resource Identifier | <a href="http://www.amazon.com/exec/obidos/ASIN/041508833X/chopaconline-20">http://www.amazon.com/exec/obidos/ASIN/041508833X/chopaconline-20</a> |
| 942 ## - ADDED ENTRY ELEMENTS (KOHA) | |
| Institution code [OBSOLETE] | SADA |
| Koha item type | Book |
| Call number prefix | 939.18 CAS 1993 |
| Source of classification or shelving scheme | |
| Withdrawn status | Lost status | Source of classification or shelving scheme | Damaged status | Not for loan | Permanent Location | Current Location | Date acquired | Total Checkouts | Full call number | Barcode | Date last seen | Date last checked out | Price effective from | Koha item type |
|---|---|---|---|---|---|---|---|---|---|---|---|---|---|---|
| School of Art Design and Architecture (SADA) | School of Art Design and Architecture (SADA) | 02/10/2011 | 1 | 939.18 CAS 1993 | SADA0000610 | 10/21/2015 | 10/01/2015 | 08/05/2011 | Book |
